INFORME FINAL DEL EJERCICIO PROFESIONAL SUPERVISADO REALIZADO EN MERCY CORPS (ONG)/ (Registro nro. 1224)

Detalles MARC
000 -LEADER
campo de control de longitud fija 02834nam a22003257a 4500
001 - NÚMERO DE CONTROL
campo de control EPSCPA 0001
003 - IDENTIFICADOR DE NÚMERO DE CONTROL
campo de control gtcocun
005 - FECHA Y HORA DE LA ÚLTIMA TRANSACCIÓN
campo de control 20250820165129.0
006 - CÓDIGOS DE INFORMACIÓN DE LONGITUD FIJA--CARACTERÍSTICAS DEL MATERIAL ADICIONAL
campo de control de longitud fija a||||gr|||| 00| 0
007 - CAMPO FIJO DE DESCRIPCIÓN FÍSICA--INFORMACIÓN GENERAL
campo de control de longitud fija ta
008 - DATOS DE LONGITUD FIJA--INFORMACIÓN GENERAL
campo de control de longitud fija 250820b2010 gt ||||| m||| 00| 0 eng d
040 ## - FUENTE DE CATALOGACIÓN
Centro catalogador/agencia de origen gtcocun
Lengua de catalogación SPA
Centro/agencia transcriptor gtcocun
Normas de descripción RDA
041 ## - CÓDIGO DE IDIOMA
Código de lengua del texto/banda sonora o título independiente SPA EPSCPA 0001
084 ## - OTRO NÚMERO DE CLASIFICACIÓN
Número de control del registro de autoridad o número normalizado EPSCPA 0001
100 ## - ENTRADA PRINCIPAL--NOMBRE DE PERSONA
Nombre de persona Veliz Cruz, Marvin David
Término indicativo de función/relación Autor
245 ## - MENCIÓN DEL TÍTULO
Título INFORME FINAL DEL EJERCICIO PROFESIONAL SUPERVISADO REALIZADO EN MERCY CORPS (ONG)/
Mención de responsabilidad, etc. Marvin David Veliz Cruz.
Medio Impreso
264 ## - PRODUCCIÓN, PUBLICACIÓN, DISTRIBUCIÓN, FABRICACIÓN Y COPYRIGHT
Producción, publicación, distribución, fabricación y copyright Cobán, Alta Verapaz:
Nombre del de productor, editor, distribuidor, fabricante Universidad de San Carlos de Guatemala, Centro Universitario del Norte, Carrera de Contaduría Pública y Auditoría
Fecha de producción, publicación, distribución, fabricación o copyright 2010
300 ## - DESCRIPCIÓN FÍSICA
Extensión 97 p.:
Otras características físicas Ilustraciones, gráficas.
Dimensiones 28 cm;
336 ## - TIPO DE CONTENIDO
Fuente rdacontenido
Término de tipo de contenido Texto
Código de tipo de contenido txt
337 ## - TIPO DE MEDIO
Fuente rdamedio
Nombre/término del tipo de medio Computadora
Código del tipo de medio n
338 ## - TIPO DE SOPORTE
Fuente rdasoporte
Nombre/término del tipo de soporte Código en línea
Código del tipo de soporte cr
502 ## - NOTA DE TESIS
identificador de la tesis EPSCPA 0001
502 ## - NOTA DE TESIS
Nota de tesis Tesis de grado
Tipo de título Carrera de Contaduría Pública y Auditoría,
Nombre de la institución que otorga el título Universidad de San Carlos de Guatemala, Centro Universitario del Norte, Carrera de Contaduría Pública y Auditoría
Año de obtención del título 2010
Identificador de la tesis EPSCPA 0001
520 14 - RESUMEN, ETC.
Sumario, etc. El Ejercicio Profesional Supervisado fue realizado en la Organización No Gubernamental denominada Mercy Corps, la cual es una organización de ayuda social dedicada fundamentalmente a proveer las herramientas necesarias a las comunidades más necesitadas para que estas puedan mejorar su calidad y nivel de vida.<br/><br/>La investigación se inició por medio de un Diagnostico Organizacional por medio del cual se pudieron visualizar los Departamentos de la organización a los cuales que tenían mayores problemas, para posteriormente poder seleccionar al de mayor problemática, jerarquizar y buscar solución a los mayores problemas que este tuviera.<br/><br/>Una vez realizada la jerarquización se procedió a iniciar la búsqueda de soluciones para lo cual se elaboró un plan de trabajo que incluía un cronograma de actividades a realizar, dentro de las actividades realizadas están: Análisis de las causas de la problemática, análisis del programa contable utilizado, determinación del estatus fiscal y legal de la organización, diseño de herramientas como solución a la problemática y su respectivo piloto entre otros.<br/><br/>Finalmente como respuesta a la problemática detectada se desarrollo una herramienta que permitirá a la organización minimizar radicalmente los tiempos de ingreso y procesamiento de su información contable.
650 14 - PUNTO DE ACCESO ADICIONAL DE MATERIA--TÉRMINO DE MATERIA
Fuente del encabezamiento o término LEMB
Término de materia o nombre geográfico como elemento de entrada Cobán, Alta Verapaz
Subdivisión general Auditoría
-- Organización
-- Diagnóstico organizacional
-- Plan de trabajo
-- Estatus fiscal
700 ## - ENTRADA AGREGADA--NOMBRE PERSONAL
Nombre de persona Lic. CPA. Edin Armando Leal Herrera
Término indicativo de función/relación Asesor
856 ## - LOCALIZACIÓN Y ACCESO ELECTRÓNICOS
Identificador Uniforme de Recurso <a href="Sin registro en línea">Sin registro en línea</a>
Nota pública Sin registro en línea
942 ## - ELEMENTOS DE ENTRADA SECUNDARIOS (KOHA)
Fuente de la clasificación o esquema de estantería Clasificación Decimal Dewey
Tipo de ítem Koha TESIS
Parte de la signatura que identifica el ejemplar (Parte del ítem) EPSCPA 0001
Prefijo de la signatura Clasificación
Suprimir en OPAC No
-- EPSCPA_0001_000000000000000
Existencias
Estatus retirado Estado de pérdida Fuente de la clasificación o esquema de estantería Estado de daño No para préstamo Colección Biblioteca de origen Biblioteca actual Ubicación en estantería Fecha de adquisición Número de inventario Total de préstamos Signatura topográfica completa Código de barras Visto por última vez Precio de reemplazo Tipo de ítem Koha
    Clasificación Decimal Dewey     tesis BIBLIOTECA- CUNOR -JOSÉ LUIS GONZALES ROSALES BIBLIOTECA- CUNOR -JOSÉ LUIS GONZALES ROSALES Colección tesis 20/08/2025 EPSCPA 0001   EPSCPA 0001 EPSCPA 0001 20/08/2025 20/08/2025 TESIS